000 00337nam a22001577a 4500
005 20160625161210.0
008 160625b xxu||||| |||| 00| 0 eng d
020 _a10247
041 _aeng
082 _bChandra, Grirish
245 _aPrafulla (Bangla)
260 _bVarma P.
300 _a112
650 _aBangla
_92816
942 _cBK
999 _c4081
_d4080